00437 2200169 4500001002100000005001500021035002000036007000300056008004100059020000600100082001200106084001600118245006400134250000600198260005100204300001200255INLIS00000000000219320260415034406 a0010-0426000024ta260415 g 0 ind  a- a636.085 a636.085 SNI aSNI 4484:2024 Bahan Pakan - Hasil Samping Pengolahan Jagung a- aJakarta :bBadan Standardisasi Nasional,c2024 a12 hlm.